[Event "RUS Cup tt"]
[Site "Sochi"]
[Date "2024.11.28"]
[Round "2.20"]
[White "Khiryaev, Adam"]
[Black "Veselov, Yaroslav"]
[Result "0-1"]
[WhiteElo "1824"]
[BlackElo "2133"]
[PlyCount "84"]
[EventDate "2024.11.27"]
[EventType "team-swiss"]
[EventRounds "7"]
[EventCountry "RUS"]
[SourceTitle "CB50_2024"]
[SourceDate "2024.11.01"]
[SourceVersion "1"]
[SourceVersionDate "2024.11.01"]
[SourceQuality "2"]
[WhiteTeam "Dagestan Youth"]
[BlackTeam "Primakov Gymnasium"]
[WhiteTeamCountry "RUS"]
[BlackTeamCountry "RUS"]

1. e4 c5 2. c4 Nc6 3. Nc3 g6 4. g3 Bg7 5. Bg2 d6 6. Nge2 a6 7. 0-0 Rb8 8. a4 Nf6 9. d3 0-0 10. h3 Nd7 11. Be3 Nd4 12. Rb1 b6 13. Kh2 e6 14. f4 Re8 15. Qd2 Bb7 16. Ng1 Bc6 17. Bxd4 cxd4 18. Nce2 Bxa4 19. e5 Qc7 20. b3 Bc6 21. Bxc6 Qxc6 22. Nxd4 Qc5 23. b4 Qc7 24. exd6 Qxd6 25. Ndf3 e5 26. fxe5 Nxe5 27. Nxe5 Bxe5 28. Qf2 Qxd3 29. Qxf7+ Kh8 30. Qf3 Qxc4 31. b5 a5 32. Kh1 Rbd8 33. Rbe1 Qxb5 34. Qb7 Rf8 35. Rxf8+ Rxf8 36. Qe4 Bxg3 37. Rd1 Qb2 38. Ne2 Qe5 39. Qg4 Bf2 40. Rd7 Bc5 41. h4 Rf1+ 42. Kg2 Rf2+ 0-1